KOREAN CULTURAL INSIGHTS (Registro nro. 49502)
[ vista simple ]
| 000 -LEADER | |
|---|---|
| fixed length control field | 00493nam a2200169 a 4500 |
| 001 - CONTROL NUMBER | |
| control field | 49502 |
| 005 - DATE AND TIME OF LATEST TRANSACTION | |
| control field | 20180714034221.0 |
| 008 - FIXED-LENGTH DATA ELEMENTS--GENERAL INFORMATION | |
| fixed length control field | 140415s2005 ko 000 0 eng d |
| 041 ## - LANGUAGE CODE | |
| Language code of text/sound track or separate title | eng |
| 082 ## - DEWEY DECIMAL CLASSIFICATION NUMBER | |
| Classification number | 951.9 |
| Item number | KOR |
| 245 00 - TITLE STATEMENT | |
| Title | KOREAN CULTURAL INSIGHTS |
| 250 ## - EDITION STATEMENT | |
| Edition statement | 1a ed. |
| 260 ## - PUBLICATION, DISTRIBUTION, ETC. | |
| Place of publication, distribution, etc. | COREA : |
| Name of publisher, distributor, etc. | KOREA TOURISM ORGANIZATION, |
| Date of publication, distribution, etc. | 2005 |
| 300 ## - PHYSICAL DESCRIPTION | |
| Extent | 159 |
| Dimensions | 16.4 x 0.7 x 22.2 |
| 520 ## - SUMMARY, ETC. | |
| Summary, etc. | KOREAN CULTURAL INSIGHTS |
| 650 14 - SUBJECT ADDED ENTRY--TOPICAL TERM | |
| Topical term or geographic name entry element | COREA |
| General subdivision | HISTORIA |
| -- | COREA |
| -- | ECONOMIA |
| -- | COREA |
| -- | EDUCACION |
| Withdrawn status | Lost status | Source of classification or shelving scheme | Damaged status | Not for loan | Collection code | Home library | Current library | Shelving location | Date acquired | Source of acquisition | Inventory number | Total Checkouts | Full call number | Barcode | Date last seen | Date last checked out | Price effective from | Koha item type |
|---|---|---|---|---|---|---|---|---|---|---|---|---|---|---|---|---|---|---|
| Dewey Decimal Classification | General | Biblioteca Karol Wojtyla | Biblioteca Karol Wojtyla | Sala general | 03/12/2013 | Compra | 151000000000000000035733 | 1 | 951.9 KOR | 73972 | 05/01/2026 | 10/10/2019 | 03/12/2013 | Libro |